|
|
|
|
| LEADER |
00000cam a2200000 a 4500 |
| 001 |
vtls001090153 |
| 003 |
SK-MaSNL |
| 005 |
20260301055550.0 |
| 008 |
240226s1982 xo l frnf 000 0 slo |
| 015 |
|
|
|a SNBA1983/01
|
| 020 |
|
|
|q (brožované)
|
| 035 |
|
|
|a SNK000032995
|
| 035 |
|
|
|a F9C21F64-7B8D-473F-A7A2-D2D77766BFD4
|
| 035 |
|
|
|a urn:nbn:sk:snk-am00idx5
|
| 040 |
|
|
|a SNK
|b slo
|c SNK
|e AACR2
|
| 041 |
0 |
|
|a slo
|
| 044 |
|
|
|a xo
|c SK
|
| 072 |
|
7 |
|a 633
|x Rastlinná výroba
|2 konspekt
|
| 080 |
|
|
|a 633.2(035)
|2 1981
|
| 080 |
|
|
|a 633.2
|2 2011
|
| 080 |
|
|
|a (035)
|2 2011
|
| 080 |
|
|
|a 631.8
|2 2011
|
| 080 |
|
|
|a 631.811
|2 2011
|
| 100 |
1 |
|
|a Jančovič, Ján,
|d 1949-
|4 aut
|9 86021
|
| 245 |
1 |
0 |
|a Prírodné trávne porasty
|c Ján Jančovič
|
| 250 |
|
|
|a 1. vyd.
|
| 260 |
|
|
|a Bratislava
|b Príroda
|c 1982
|e Partizánske
|f Západoslovenské tlačiarne
|
| 300 |
|
|
|a 29 strán
|b tabuľky
|c 21 cm
|
| 366 |
|
|
|e 3000 výtl.
|
| 490 |
1 |
|
|a Na pomoc družstevným školám práce
|
| 500 |
|
|
|a Nepredajné. Vydané pre Slovenský výbor Zväzu družstevných roľníkov
|
| 504 |
|
|
|a Bibliografia na strane 29
|
| 650 |
0 |
7 |
|a trávne porasty
|2 SNKPH
|9 3678
|
| 650 |
0 |
7 |
|a hnojenie
|2 SNKPH
|9 14850
|
| 650 |
0 |
7 |
|a výživa rastlín
|2 SNKPH
|9 19926
|
| 655 |
|
7 |
|a príručky
|2 SNKPH
|9 74364
|
| 710 |
2 |
|
|a Zväz družstevných roľníkov (Bratislava, Slovensko).
|b Slovenský výbor
|4 pbl
|9 131923
|
| 830 |
|
0 |
|a Na pomoc družstevným školám práce
|9 322867
|
| 852 |
|
|
|a Slovenská národná knižnica
|
| 954 |
|
|
|a odborná, vedecká literatúra pôvodná (slovenská)
|2 lita
|
| 958 |
|
|
|a OND
|
| 958 |
|
|
|a NB
|
| 958 |
|
|
|a BQ
|
| 958 |
|
|
|a TL
|
| 958 |
|
|
|a EUIPO
|
| 999 |
|
|
|c 613657
|d 615587
|
| 952 |
|
|
|t P60, <04>, [BOOK], {604}
|a SNK
|b SNK
|y VYP
|7 0
|p 17A0220187
|o snkSC 57184 D1
|0 0
|1 0
|4 0
|d 1999-11-25
|l 0
|r 2004-12-31 00:00:00
|w 2026-02-23
|
| 952 |
|
|
|a SNK
|b SNK
|y PREZ
|7 0
|p 17A0894449
|o snkSC 57184
|i snkKSP 11000/82
|0 0
|1 0
|4 0
|d 2012-08-15
|f 1
|l 0
|r 2025-06-02 00:00:00
|w 2026-02-23
|